Vocabulario de los nombres vulgares de la flora peruana / (Record no. 7069)

000 -CABECERA
fixed length control field 00689nam a22002057a 4500
003 - IDENTIFICADOR DEL NÚMERO DE CONTROL
control field AR-CdUCM
008 - DATOS DE LONGITUD FIJA--INFORMACIÓN GENERAL
fixed length control field 190319b ||||| |||| 00| 0 spa d
040 ## - FUENTE DE LA CATALOGACIÓN
Agencia/entidad que catalogó originalmente la obra MUNICIPALIDAD PROVINCIAL DEL CUSCO
Entidad que transcribió la catalogación BIBLIOTECA MUNICIPAL DEL CUSCO
082 ## - NÚMERO DE LA CLASIFICACIÓN DECIMAL DEWEY
No. de Clasificación 581.985 /
Notacion interna S72
100 ## - ENTRADA PRINCIPAL--NOMBRE DE PERSONA
Nombre Personal Soukup, Jaroslav, S.D.B
245 ## - MENCIÓN DE TÍTULO
Título Vocabulario de los nombres vulgares de la flora peruana /
260 ## - PUBLICACIÓN, DISTRIBUCIÓN, ETC.
Lugar de publicación, distribución, etc. Lima :
Nombre de la editorial, distribuidor, etc. Colegio salesiano,
Fecha de publicación, distribución, etc. 1970.
300 ## - DESCRIPCIÓN FÍSICA
Nº de Páginas Extensión 380 paginas ;
Dimensiones 22 cm.
505 ## - NOTA DE CONTENIDO CON FORMATO
Nota de contenido formateada Contenido :Vocabulario de los nombres vulgares de la flora peruana.
650 ## - PUNTO DE ACCESO ADICIONAL DE MATERIA--TÉRMINO DE MATERIA
Descriptor Glosarios
9 (RLIN) 19910
650 ## - PUNTO DE ACCESO ADICIONAL DE MATERIA--TÉRMINO DE MATERIA
Descriptor Flora peruana
9 (RLIN) 19911
650 ## - PUNTO DE ACCESO ADICIONAL DE MATERIA--TÉRMINO DE MATERIA
Descriptor Fauna peruana
9 (RLIN) 19912
942 ## - ELEMENTOS DE PUNTO DE ACCESO ADICIONAL (KOHA)
Fuente de clasificación
Tipo de item Libros-BMC
945 ## - PROCESAMIENTO DE INFORMACIÓN LOCAL (OCLC)
Catalogador rum
Holdings
Estado de retiro (separado) Fuente de clasificación o esquema de estanterías Estado dañado Ubicación Sala donde se ubica Nombre de la colección Fecha de adquisición o compra Costo, precio normal en soles Signatura topográfica Código de Barras Última vez visto (Koha) Tipo de ítem (Koha)
No     Sala Ciencias Sala Ciencias Book Cart 2019-03-19 37.00 581.985 / S72 SC0000000276 2019-03-19 Libros-BMC
No     Sala Ciencias Sala Ciencias Book Cart 2019-03-22 37.00 581.985 / S72 / 2.e SC0000001065 2019-03-22 Libros-BMC

Powered by Koha